TV by City Quiz Stats

Quiz Updated Nov 8, 2016

Also try: Movie by City
Challenge
Share
Tweet
Embed
Score 0/24 Timer 07:00
0 Plays Today
Actor/Host TV Show % Correct
Gary SiniseCSI: NY
79.2%
Don JohnsonMiami Vice
64%
Larry HagmanDallas
62.5%
Danny DeVitoIt's Always Sunny in Philadelphia
54.6%
Corbin BernsenL.A. Law
53.8%
James SpaderBoston Legal
51.4%
Josh DuhamelLas Vegas
48.6%
Mandy PatinkinChicago Hope
46.8%
Howard HessemanWKRP in Cincinnati
34.3%
Seth MacFarlaneThe Cleveland Show
29%
Melina KanakaredesProvidence
25.9%
Michael DouglasThe Streets of San Francisco
24.2%
Actor/Host TV Show % Correct
Live music*Austin City Limits
23.6%
Thomas LennonReno 911!
20.2%
James GarnerThe Rockford Files
19.8%
NeNe Leakes*The Real Housewives of Atlanta
18.1%
LeAnn Rimes*Nashville Star
16%
Lee HorsleyMatt Houston
9.1%
Whoopi Goldberg*Hollywood Squares
8.6%
Dabney ColemanBuffalo Bill
7.9%
Lynne Thigpen*Where in the World is Carmen Sandiego?
6.9%
Gwen Ifill*Washington Week in Review
6%
Jay MohrGary Unmarried
5.2%
Telma HopkinsTony Orlando and Dawn
2.1%

You're not logged in!

Compare scores with friends on all Sporcle quizzes.
Join for Free
OR
Log In

You Might Also Like...

Show Comments

Extras

Top Quizzes Today


Score Distribution

Your Account Isn't Verified!

In order to create a playlist on Sporcle, you need to verify the email address you used during registration. Go to your Sporcle Settings to finish the process.

Report this User

Report this user for behavior that violates our Community Guidelines.

Details: